Government investment sustains construction growth (Record no. 75774)

MARC details
000 -LEADER
fixed length control field 00962cab a2200205 4500
001 - CONTROL NUMBER
control field L130687
008 - FIXED-LENGTH DATA ELEMENTS--GENERAL INFORMATION
fixed length control field 050824n2005 000 0 eng u
035 ## - SYSTEM CONTROL NUMBER
System control number (Sirsi) u130687
041 ## - LANGUAGE CODE
Language code of text/sound track or separate title eng
110 ## - MAIN ENTRY--CORPORATE NAME
Corporate name or jurisdiction name as entry element Construction Confederation
9 (RLIN) 3647
245 ## - TITLE STATEMENT
Title Government investment sustains construction growth
260 ## - PUBLICATION, DISTRIBUTION, ETC.
Date of publication, distribution, etc. 2005
490 ## - SERIES STATEMENT
Series statement Construction Confederation News Release
Volume/sequential designation 5 August 2005 (3)
520 ## - SUMMARY, ETC.
Summary, etc. According to the "Construction industry trade surveys" published by Construction Confederation and the Construction Products Association, overall construction output rose slowly in the second quarter. The weak growth was mostly sustained by government investment.
590 ## - LOCAL NOTE (RLIN)
Local note IKA300805
690 ## - LOCAL SUBJECT ADDED ENTRY--TOPICAL TERM (OCLC, RLIN)
Topical term or geographic name as entry element BUILT ENVIRONMENT-CONSTRUCTION MARKET
710 ## - ADDED ENTRY--CORPORATE NAME
Corporate name or jurisdiction name as entry element Construction Products Association
9 (RLIN) 4104
856 ## - ELECTRONIC LOCATION AND ACCESS
Uniform Resource Identifier <a href="https://www.thecc.org.uk/downloads/2005%20Q2%20press%20release.pdf">https://www.thecc.org.uk/downloads/2005%20Q2%20press%20release.pdf</a>
Public note View the item free of charge at www.thecc.org.uk...
942 ## - ADDED ENTRY ELEMENTS (KOHA)
Suppress in OPAC 0
Holdings
Withdrawn status Lost status Source of classification or shelving scheme Damaged status Not for loan Home library Current library Shelving location Date acquired Total Checkouts Full call number Barcode Date last seen Copy number Price effective from Koha item type
    Dewey Decimal Classification     London London News article 24/08/2005   L130687 130687-1001 06/08/2019 1 06/08/2019 News article